Expert meeting report : foundations research results /

Bibliographic Details
Main Authors: Ojczyk, Cindy (Author), Huelman, P. (Author), Carmody, John (Author)
Corporate Authors: National Renewable Energy Laboratory (U.S.) (sponsoring body.), Building America (Program : U.S.) (sponsoring body.)
Format: Government Document eBook
Language:English
Published: [Washington, D.C.] : U.S. Department of Energy, Energy Efficiency & Renewable Energy, Building Technologies Office, May 2013.
Subjects:
Online Access:https://purl.fdlp.gov/GPO/gpo77525

MARC

Tag First Indicator Second Indicator Subfields
LEADER 00000cam a2200000Ii 4500
001 in00003859921
005 20211120181758.0
006 m o d
007 cr cn|||||||||
008 140210e201305 dcua obt f000 0 eng d
035 |a (OCoLC)ocn870274015 
040 |a SOE  |b eng  |e rda  |e pn  |c SOE  |d OCLCO  |d OCLCF  |d OCL  |d OCLCO  |d OCLCQ  |d GPO  |d MvI 
049 |a WWW 
074 |a 0429-A-90 (online) 
086 0 |a E 1.177:DOE/GO-102013-3828 
088 |a DOE/GO-102013-3828 
100 1 |a Ojczyk, Cindy,  |e author. 
245 1 0 |a Expert meeting report :  |b foundations research results /  |c prepared by C. Ojczyk, P. Huelman, and J. Carmody. 
246 3 0 |a Foundations research results 
264 1 |a [Washington, D.C.] :  |b U.S. Department of Energy, Energy Efficiency & Renewable Energy, Building Technologies Office,  |c May 2013. 
300 |a 1 online resource (vi, 17 pages) :  |b color illustrations 
336 |a text  |b txt  |2 rdacontent 
337 |a computer  |b c  |2 rdamedia 
338 |a online resource  |b cr  |2 rdacarrier 
500 |a "May 2013." 
500 |a "Prepared for Building America, Building Technologies Program, Office of Energy Efficiency and Renewable Energy, U.S. Department of Energy." 
500 |a NREL Technical Monitor: Stacey Rothgeb. 
500 |a Title from title screen (viewed on Feb. 10, 2014). 
500 |a "DOE/GO-102013-3828."--Page [24]. 
504 |a Includes bibliographical references (page 17). 
536 |a Prepared under  |b KNDJ-0-40338-00 
650 0 |a Foundations  |x Energy conservation. 
650 0 |a Underground construction. 
650 0 |a Dwellings  |x Energy conservation. 
650 7 |a Dwellings  |x Energy conservation.  |2 fast  |0 (OCoLC)fst00900017 
650 7 |a Foundations.  |2 fast  |0 (OCoLC)fst00933266 
650 7 |a Underground construction.  |2 fast  |0 (OCoLC)fst01160913 
655 7 |a Conference papers and proceedings.  |2 fast  |0 (OCoLC)fst01423772 
700 1 |a Huelman, P.,  |e author. 
700 1 |a Carmody, John,  |e author. 
710 1 |a United States.  |b Department of Energy.  |b Building Technologies Office,  |e issuing body. 
710 2 |a National Renewable Energy Laboratory (U.S.),  |e sponsoring body. 
710 2 |a Building America (Program : U.S.),  |e sponsoring body. 
856 4 0 |u https://purl.fdlp.gov/GPO/gpo77525  |t 0 
999 f f |s 4890f00b-6163-374f-a430-d759e93ce61f  |i a3bea74b-4e3d-3a80-9d6c-0a6abeb58621  |t 0 
952 f f |a Texas A&M University  |b College Station  |c Electronic Resources  |d Available Online  |t 0  |e E 1.177:DOE/GO-102013-3828  |h Superintendent of Documents classification 
998 f f |a E 1.177:DOE/GO-102013-3828  |t 0  |l Available Online